000 01090nam a22002057a 4500
005 20260121105957.0
010 _aB-777898
020 _a9789394493353
_c250.00
035 _aB-777898
037 _bउपहार
082 _a821
100 _aचौरसिया, सावित्री जगदीश
_986698
245 _aगीतों की फुलवारीः
_bकविता संग्रह/
_cसावित्री जगदीश चौरसिया
250 _aप्रथम
260 _aभोपाल, मध्यप्रदेश
_bभव्या पब्लिकेशन
_c2021
270 _aएल. जी. 42, लोअर ग्राउंड, करतार आर्केड रायसेन रोड
_bभोपाल
_e462023
_k07554927636
_k7974514033
_mbhavyapublication.bpl31@gmail.com
300 _a90 पृ
_c20 सेमी (अजिल्द)
_bसचित्र
942 _aDPL
_cCH
_2ddc
_h
_mचौरसि
999 _c214360
_d214360